000 00287nam a22001097a 4500
082 _a810.308762 VIS'F
100 _aFOREIGN, LANGUAGES
_980663
245 _aA VISITOR FROM OUTER SPACE SCIENCE FICTION STORIES
260 _aMOSCOW
_bFOREIGN LANGUAGES
_c1962
300 _a210P
942 _cBK
999 _c585560
_d585560